| 000 | 01126cab a2200385 4500 | ||
|---|---|---|---|
| 001 | ABS47219 | ||
| 008 | 090401t1992 xxu||||| |||| 00| 0 eng d | ||
| 035 | _a(Sirsi) u61088 | ||
| 041 | _aeng | ||
| 245 | _aM25 Junctions 13-23 | ||
| 260 | _c1992 | ||
| 350 | _a0 | ||
| 490 |
_aEstates Gazette _v(9240) October 1992, 53-99(19) |
||
| 520 | _aAn Estates Gazette focus which summarises development at the various junctions. Looks at the problems of over-supply in the office market and the effect of the recession for retail and industrial properties. | ||
| 650 | _aBOREHAMWOOD | ||
| 650 | _aBUCKINGHAMSHIRE | ||
| 650 | _aGALLERIA | ||
| 650 | _aHATFIELD | ||
| 650 | _aHEATHROW AIRPORT | ||
| 650 | _aHERTFORDSHIRE | ||
| 650 | _aHIGH WYCOMBE | ||
| 650 | _aINDUSTRIAL | ||
| 650 | _aMILTON KEYNES | ||
| 650 | _aOFFICES | ||
| 650 | _aOVERSUPPLY | ||
| 650 | _aRENTS | ||
| 650 | _aRETAIL | ||
| 650 | _aST ALBANS | ||
| 650 | _aSTEVENAGE | ||
| 650 | _aWATFORD | ||
| 650 | _aWELWYN GARDEN CITY | ||
| 690 | _aPROPERTY-COMMERCIAL PROPERTY-COMMERCIAL PROPERTY MARKET | ||
| 942 | _n0 | ||
| 948 | _c04/03/1997 | ||
| 999 |
_c37772 _d37772 |
||